Brawl Stars: Grom Skins by Picture - Statistics

General Stats
  • This quiz has been taken 39 times
    8 since last reset
  • The average score is 7 of 8
Answer Stats
Picture Answer % Correct
Bunny Grom
100%
Dasis Grom
100%
FrankenGrom
100%
True Gold Grom
100%
True Silver Grom
100%
Dragrom
75%
Protector Grom
75%
Grombin Hood
50%
No matching quizzes found
Score Distribution
Percent of People with Each Score
Percentile by Number Answered
Your Score History
You have not taken this quiz since the last reset